El orden de los libros: lectores, autores, bibliotecas en Europa entre los siglos XIV y XVIII
Salvato in:
| Autore principale: | |
|---|---|
| Natura: | Libro |
| Lingua: | spagnolo |
| Pubblicazione: |
Barcelona
Gedisa
2005
|
| Edizione: | 3a. ed |
| Serie: | Colección Lea, 4
|
| Soggetti: | |
| Tags: |
Aggiungi Tag
Nessun Tag, puoi essere il primo ad aggiungerne!!
|
MARC
| LEADER | 00000nam a2200000 a 4500 | ||
|---|---|---|---|
| 001 | UCI9005 | ||
| 003 | CL-VaPUC | ||
| 008 | 081016e20050600SP |||||||||||||||||spa|d | ||
| 020 | |a 847432498X | ||
| 082 | 0 | 4 | |a 002 |b CHA |2 21 |
| 100 | 0 | |a Chartier, Roger |e author |9 532673 | |
| 245 | 1 | 3 | |a El orden de los libros: lectores, autores, bibliotecas en Europa entre los siglos XIV y XVIII |
| 250 | |a 3a. ed | ||
| 300 | |a 108 p | ||
| 942 | |c BK | ||
| 945 | |d 20081016 00:00:00 |a jtorresc | ||
| 260 | |a Barcelona |b Gedisa |c 2005 | ||
| 650 | 0 | |a Historia del libro |9 466246 | |
| 650 | 0 | |a Libros |9 334511 | |
| 650 | 7 | |a BIBLIOTECAS MEDIEVALES |2 CL-VaPUC |9 352704 | |
| 650 | 7 | |a USUARIOS DE BIBLIOTECAS |2 CL-VaPUC |9 494138 | |
| 650 | 7 | |a SIGLOS 14-18 |2 CL-VaPUC |9 440746 | |
| 651 | 0 | |a Europa |9 255156 | |
| 583 | |a last modification |c 20081016 00:00:00 |k Rodrigo Vera | ||
| 490 | 0 | |a Colección Lea, 4 | |
| 999 | |c 331714 |d 331712 | ||
| 952 | |0 0 |1 0 |4 0 |6 002_000000000000000_CHA_2005 |7 0 |8 A |9 418743 |a BIBCUR |b BIBCUR |d 2019-11-22 |i 4489195 |o 002 CHA 2005 |p 4489195 |r 2025-04-22 |w 2019-11-22 |y BK |k BCB | ||
| 952 | |0 0 |1 0 |4 0 |6 002_000000000000000_CHA_2005 |7 0 |8 A |9 418744 |a BIBHIS |b BIBHIS |d 2019-11-22 |i 4577868 |l 1 |o 002 CHA 2005 |p 4577868 |r 2025-01-20 |s 2024-09-24 |w 2019-11-22 |y BK |k HIS | ||
| 952 | |0 0 |1 0 |4 0 |6 002_000000000000000_CHA_2005 |7 0 |8 A |9 418745 |a BIBHIS |b BIBHIS |d 2019-11-22 |i 4780744 |l 2 |o 002 CHA 2005 |p 4780744 |q 2025-05-07 |r 2025-04-30 |s 2025-04-30 |w 2019-11-22 |y BK |k HIS | ||